Bible Character by Picture - Statistics

General Stats
  • This quiz has been taken 296 times
    281 since last reset
  • The average score is 6 of 9
Answer Stats
Picture Answer % Correct
Jesus
96%
Moses
91%
David
77%
Adam
76%
Paul of Tarsus
66%
Peter
66%
John
64%
Joseph
64%
Daniel
38%
No matching quizzes found
Score Distribution
Percent of People with Each Score
Percentile by Number Answered
Your Score History
You have not taken this quiz since the last reset